Statistiques concernant Culture Générale - Série 2272

Cliquez ici pour prendre le quiz!

Statistiques générales

  • Ce quiz a été pris 126 fois
  • Le résultat moyen est 5 sur 10

Statistiques - réponses

QuestionRéponse% Correct
Quel est le héros de la série romanesque écrite par J.K Rowling de 1997 à 2007 ?Harry Potter
95%
Dans quelle capitale européenne se trouve la cathédrale Saint-Basile-le-Bienheureux ? voir photoMoscou
76%
Dans quel pays africain se trouve la ville de Tombouctou ?Mali
66%
Comment s'appelle le chef des Gaulois dans les BD d' Astérix ?Abraracourcix
62%
Qui est amoureuse de Rodrigue dans Le Cid et réclame pourtant son châtiment ?Chimène
59%
Qui a écrit Le Vicomte de Bragelonne ? prénom et nomAlexandre Dumas
36%
Qui a écrit "Le pont de la rivière Kwai" en 1952 et "La planète des singes" en 1963 ? prénom et nomPierre Boulle
32%
Indiquez le numéro du département où est situé le site archéologique du siège d'Alésia en 52 avant JC ?21
28%
C'est une banderole - 7 lettres commençant par "c"calicot
15%
Qui a écrit "La voie royale" en 1930 ? prénom et nomAndré Malraux
11%

Distribution des résultats

Percentile par nombre de réponses

% des personnes avec chaque résultat

Votre développement - résultats

Vous n’avez pas pris ce quiz